[Event "Udine Tre Circoli op"]
[Site "Udine"]
[Date "2012.02.04"]
[Round "2"]
[White "Bozza, Stefano"]
[Black "Stefanutti, Piero"]
[Result "1-0"]
[WhiteElo "1836"]
[BlackElo "1501"]
[PlyCount "73"]
[EventDate "2012.01.21"]
[EventType "swiss"]
[EventRounds "7"]
[EventCountry "ITA"]
[SourceTitle "EXT 2014"]
[Source "ChessBase"]
[SourceDate "2013.11.20"]
[SourceVersion "1"]
[SourceVersionDate "2013.11.20"]
[SourceQuality "1"]

1. e4 e6 2. d4 d5 3. e5 c5 4. c3 Qb6 5. Nf3 Nc6 6. Bd3 c4 7. Bc2 Bd7 8. 0-0 Be7 9. b3 Na5 10. Nbd2 Qc7 11. Bb2 b5 12. bxc4 Nxc4 13. Nxc4 bxc4 14. Qe2 Nh6 15. Ng5 0-0-0 16. Rfb1 f6 17. Nf3 Nf7 18. Qe3 g5 19. exf6 Bxf6 20. Ba3 Rhg8 21. Rb2 g4 22. Ne1 Bg5 23. Qe2 e5 24. Rab1 e4 25. g3 h5 26. Ng2 Bh6 27. Ne3 Be6 28. Ba4 Ng5 29. Rb8+ Qxb8 30. Rxb8+ Kxb8 31. Qb2+ Kc8 32. Qb5 Nf3+ 33. Kh1 Rg7 34. Qc6+ Kb8 35. Bd6+ Rxd6 36. Qxd6+ Kc8 37. Qxe6+ 1-0

[Event "Trieste op 13th"]
[Site "Trieste"]
[Date "2011.09.10"]
[Round "9"]
[White "Bozza, Stefano"]
[Black "Fruehauf, Norbert"]
[Result "0-1"]
[WhiteElo "1833"]
[BlackElo "2078"]
[PlyCount "94"]
[EventDate "2011.09.03"]
[EventType "swiss"]
[EventRounds "9"]
[EventCountry "ITA"]
[SourceTitle "CBM 144 Extra"]
[Source "ChessBase"]
[SourceDate "2011.10.28"]
[SourceVersion "1"]
[SourceVersionDate "2011.10.28"]
[SourceQuality "1"]

1. e4 d5 2. exd5 Nf6 3. Bb5+ Bd7 4. Bxd7+ Qxd7 5. c4 c6 6. dxc6 Nxc6 7. Nf3 0-0-0 8. 0-0 e5 9. Nc3 Qg4 10. b3 Bd6 11. h3 Qf5 12. Nb5 Bb8 13. Bb2 a6 14. Rc1 Nb4 15. Nc3 Nd3 16. Rc2 e4 17. Ne1 Qf4 18. g3 Qg5 19. Nxd3 exd3 20. Rc1 Bxg3 21. Kh1 Qh6 22. Kg2 Bf4 23. Qf3 Rhe8 24. Rce1 Rxe1 25. Rxe1 Qg6+ 26. Kh1 Bxd2 27. Re7 Rd7 28. Rxd7 Nxd7 29. Ne4 Ba5 30. Qxd3 Bc7 31. Ba3 Ne5 32. Nd6+ Bxd6 33. Qxg6 Nxg6 34. Bxd6 Nh4 35. Be5 g6 36. Bc3 Kd7 37. Kh2 Nf5 38. Kg2 Ke6 39. Kf3 Nd6 40. Kf4 f6 41. a4 h5 42. a5 g5+ 43. Kf3 Kf5 44. Bb4 Nf7 45. Be7 Ne5+ 46. Ke3 Nc6 47. Bd6 Nxa5 0-1

[Event "Trieste op 13th"]
[Site "Trieste"]
[Date "2011.09.09"]
[Round "8"]
[White "Bozza, Stefano"]
[Black "Pasquotto, Mirko"]
[Result "1/2-1/2"]
[WhiteElo "1833"]
[BlackElo "1899"]
[PlyCount "67"]
[EventDate "2011.09.03"]
[EventType "swiss"]
[EventRounds "9"]
[EventCountry "ITA"]
[SourceTitle "CBM 144 Extra"]
[Source "ChessBase"]
[SourceDate "2011.10.28"]
[SourceVersion "1"]
[SourceVersionDate "2011.10.28"]
[SourceQuality "1"]

1. e4 c5 2. Nf3 d6 3. d4 cxd4 4. Nxd4 Nf6 5. Nc3 a6 6. a4 e6 7. Be2 Be7 8. 0-0 0-0 9. Be3 Qc7 10. f4 Nc6 11. Qe1 Nxd4 12. Bxd4 e5 13. Be3 Qc6 14. Qg3 Kh8 15. Bf3 Be6 16. fxe5 dxe5 17. Qxe5 Bd6 18. Qg5 Qc7 19. Qh4 Be5 20. Rad1 Rad8 21. Rxd8 Rxd8 22. Be2 Bc4 23. Bxc4 Qxc4 24. Qg5 Bd4 25. e5 Qc5 26. Bxd4 Rxd4 27. Qg3 Rd2+ 28. Kh1 Qc4 29. Qf4 Qxf4 30. Rxf4 Nd5 31. Rf1 Nxc3 32. bxc3 Rxc2 33. h3 Kg8 34. Rb1 1/2-1/2

[Event "Trieste op 13th"]
[Site "Trieste"]
[Date "2011.09.07"]
[Round "6"]
[White "Bozza, Stefano"]
[Black "Castelfranchi, Carlo"]
[Result "0-1"]
[WhiteElo "1833"]
[BlackElo "2057"]
[PlyCount "50"]
[EventDate "2011.09.03"]
[EventType "swiss"]
[EventRounds "9"]
[EventCountry "ITA"]
[SourceTitle "CBM 144 Extra"]
[Source "ChessBase"]
[SourceDate "2011.10.28"]
[SourceVersion "1"]
[SourceVersionDate "2011.10.28"]
[SourceQuality "1"]

1. e4 Nf6 2. Nc3 d5 3. e5 Ne4 4. d4 Nxc3 5. bxc3 c5 6. Nf3 Nc6 7. Be2 Bf5 8. 0-0 e6 9. Rb1 Qc7 10. Bb5 c4 11. Nh4 Bg6 12. Bg5 Be7 13. Bxe7 Qxe7 14. g3 Qa3 15. Qd2 0-0 16. Bxc6 bxc6 17. f4 Rab8 18. Rxb8 Rxb8 19. g4 Be4 20. f5 Rb2 21. f6 Rxc2 22. Qg5 g6 23. Nf3 Bxf3 24. Rxf3 Rxa2 25. Rf1 Qb2 0-1

[Event "Trieste op 13th"]
[Site "Trieste"]
[Date "2011.09.05"]
[Round "4"]
[White "Bozza, Stefano"]
[Black "Bensch, Patrick"]
[Result "0-1"]
[WhiteElo "1833"]
[BlackElo "2175"]
[PlyCount "90"]
[EventDate "2011.09.03"]
[EventType "swiss"]
[EventRounds "9"]
[EventCountry "ITA"]
[SourceTitle "CBM 144 Extra"]
[Source "ChessBase"]
[SourceDate "2011.10.28"]
[SourceVersion "1"]
[SourceVersionDate "2011.10.28"]
[SourceQuality "1"]

1. e4 c5 2. Nf3 Nc6 3. d4 cxd4 4. Nxd4 e6 5. Be3 Qc7 6. Be2 a6 7. 0-0 Nf6 8. Nc3 Bb4 9. f3 Bxc3 10. bxc3 d5 11. Bd3 e5 12. Ne2 dxe4 13. Bxe4 Be6 14. Ng3 0-0 15. Qe1 Nd5 16. Bxd5 Bxd5 17. f4 Rfe8 18. Qf2 exf4 19. Bxf4 Qa5 20. Bd2 Qa4 21. Nf5 Qg4 22. Ne3 Qe6 23. Qg3 Be4 24. a3 Rad8 25. Rf2 Ne5 26. Raf1 Qg6 27. Qxg6 hxg6 28. Bc1 f5 29. Bb2 b5 30. Re1 Rd7 31. Rfe2 Red8 32. h3 Kf7 33. Kf2 Rc8 34. Nf1 Nc4 35. Bc1 Nb6 36. Ng3 Rxc3 37. Nxe4 fxe4 38. Rxe4 Rxc2+ 39. R4e2 Rxe2+ 40. Rxe2 Nc4 41. g4 b4 42. Rc2 Rd4 43. Be3 b3 44. Rc3 b2 45. Rb3 Rd1 0-1

[Event "Trieste op 13th"]
[Site "Trieste"]
[Date "2011.09.03"]
[Round "1"]
[White "Srebrnic, Vojko"]
[Black "Bozza, Stefano"]
[Result "1-0"]
[WhiteElo "2244"]
[BlackElo "1833"]
[PlyCount "123"]
[EventDate "2011.09.03"]
[EventType "swiss"]
[EventRounds "9"]
[EventCountry "ITA"]
[SourceTitle "CBM 144 Extra"]
[Source "ChessBase"]
[SourceDate "2011.10.28"]
[SourceVersion "1"]
[SourceVersionDate "2011.10.28"]
[SourceQuality "1"]

1. e4 e5 2. Bc4 Nf6 3. d3 Bc5 4. Nc3 d6 5. Na4 Bb6 6. Nxb6 axb6 7. Bg5 h6 8. Bh4 Be6 9. Bxe6 fxe6 10. Ne2 Nc6 11. f3 Qd7 12. 0-0 0-0-0 13. Bf2 g5 14. Qd2 d5 15. Qe1 Rdf8 16. Be3 g4 17. Ng3 Qg7 18. fxg4 Nxg4 19. c3 Rxf1+ 20. Nxf1 h5 21. Rd1 Rg8 22. Rd2 d4 23. cxd4 exd4 24. Bf4 Nge5 25. Qf2 Qg4 26. Qg3 h4 27. Qxg4 Rxg4 28. Bxe5 Nxe5 29. Kf2 Rf4+ 30. Ke2 h3 31. gxh3 Rf3 32. Ng3 Re3+ 33. Kf1 Nxd3 34. h4 c5 35. h5 c4 36. h6 Rf3+ 37. Kg2 Rf7 38. Kh3 Rh7 39. Kg4 Rxh6 40. Kg5 Rh3 41. e5 Nxe5 42. Kf4 Nc6 43. Kg4 Rh7 44. h4 Rg7+ 45. Kh3 b5 46. a3 d3 47. h5 Nd4 48. Ne4 Nf3 49. Rf2 Nd4 50. Rg2 Rh7 51. Rg8+ Kc7 52. Kg4 Nf5 53. Kg5 Ne7 54. Re8 Nf5 55. Rg8 Ng3 56. Kg6 Rxh5 57. Nxg3 d2 58. Nxh5 d1Q 59. Nf6 Qc2+ 60. Kf7 Qxb2 61. Kxe6 c3 62. Nd5+ 1-0